[Event "Gibraltar Masters"]
[Site "Gibraltar"]
[Date "2007.01.30"]
[Round "7"]
[White "Hartvig, Ove Weiss"]
[Black "Vinas Guerrero, Carlos Alberto"]
[Result "1/2-1/2"]
[WhiteElo "2225"]
[BlackElo "2124"]
[PlyCount "63"]
[EventDate "2007.01.23"]
[EventType "swiss"]
[EventRounds "9"]
[EventCountry "ENG"]
[SourceTitle "CBM 116 Extra"]
[Source "ChessBase"]
[SourceDate "2007.03.07"]
[SourceVersion "1"]
[SourceVersionDate "2007.03.07"]
[SourceQuality "1"]

1. e4 c5 2. Nf3 d6 3. d4 cxd4 4. Nxd4 Nf6 5. Nc3 a6 6. f4 e5 7. Nf3 Qc7 8. a4 Be7 9. Bd3 0-0 10. 0-0 Nbd7 11. Kh1 Nc5 12. Qe1 Nxd3 13. cxd3 exf4 14. Bxf4 Be6 15. Ng5 Qd7 16. a5 Rac8 17. Bd2 d5 18. Na4 Rc6 19. Nb6 Qd8 20. Rc1 Rxc1 21. Qxc1 h6 22. Nxe6 fxe6 23. exd5 Nxd5 24. Rxf8+ Kxf8 25. Qf1+ Kg8 26. Nc4 Bf6 27. Qe2 Qd7 28. h3 Qc6 29. Qe4 Kf7 30. Qf3 Kg8 31. Qe4 Bxb2 32. Qf3 1/2-1/2